Los desafo̕s de la pesca sostenible diagns̤tico y propuestas desde una p̤tica jurd̕ica /

Bibliographic Details
Main Author: Fernǹdez Prol, Francisca
Format: eBook
Language:Spanish
Published: Barcelona: J.M. Bosch Editor, 2021
Subjects:
Online Access:Acceso restringido

MARC

LEADER 00000nam a22000007a 4500
005 20220517215927.0
007 cr|||| ||||
008 220517s2021 ea |||||s|||| 00||0 spa d
020 |a 978-84-124109-5-2 
035 |a 35651 
040 |a vLex 
090 |c 13357  |d 13357 
100 1 |a Fernǹdez Prol, Francisca 
245 1 3 |a Los desafo̕s de la pesca sostenible  |h [Recurso electrn̤ico] :  |b diagns̤tico y propuestas desde una p̤tica jurd̕ica /  |c Francisca Fernǹdez Prol 
256 |a Servicio en ln̕ea 
260 |a Barcelona:  |b J.M. Bosch Editor,  |c 2021 
300 |a 1 recurso electrn̤ico 
500 |a Esta obra recoge las reflexiones de un nutrido grupo de juristas en torno a los retos planteados por el proceso de transformacin̤ del sector mart̕imo-pesquero en actividad sostenible, desde una perspectiva medio-ambiental, empresarial y social. En la misma, expertos en varias disciplinas jurd̕icas –Derecho Internacional Pb︢lico, Derecho Internacional Privado y Derecho del Trabajo y de la Seguridad Social– abordan, en el marco del Proyecto Europeo Jean Monnet ±Une vision europěnne des ocǎns et des mers: pc̊he maritime et croissance durable», los grandes desafo̕s de la anhelada sostenibilidad transversal en la pesca: el impacto del cambio climt̀ico, la proteccin̤ de la biodiversidad marina, la pesca ilegal, la piratera̕ mart̕ima, la proteccin̤ de la seguridad y salud de los pescadores, el reto del empleo estable y sujeto a condiciones laborales justas y el empoderamiento de las mujeres en un m̀bito tradicionalmente masculinizado. Identificadas y analizadas exhaustivamente las problemt̀icas, los autores efecta︢n propuestas –a menudo, de lege ferenda– para la construccin̤ de nuevo marco jurd̕ico que contribuya a aunar crecimiento econm̤ico, cuidado del medio ambiente y trabajo decente e inclusivo. 
506 1 |a Disponible solo en los productos indicados  |d vLex Global  |d vLex Global (Academic Edition, excluding Law Schools)  |d vLex Global (U.S. Academic Edition, Law Schools)  |d vLex Global (U.S. Academic Edition, excluding Law Schools)  |d vLex Global (Academic Edition, Law Schools) 
650 0 4 |a Derecho Laboral y Seguridad Social  |z Espaą 
650 0 4 |a Pesca  |z Espaą 
650 0 4 |a Derecho del Medio Ambiente  |z Espaą 
650 0 4 |a Derecho Internacional  |z Espaą 
740 0 |a vLex Libros (Servicio en ln̕ea) 
856 4 0 |u https://app.vlex.com/#/sources/35651  |z Acceso restringido 
942 |c BOOK 
999 0 |a Labor Law and Social Security 
999 0 |a Fishing 
999 0 |a Environmental Law 
999 0 |a International Law